[Event "II Weekend Hotel West End"]
[Site "Alassio ITA"]
[Date "2016.10.01"]
[Round "3"]
[White "Massimillo, Angelo"]
[Black "Roversi, Stefano"]
[WhiteElo "1383"]
[BlackElo "1762"]
[Result "0-1"]
[PlyCount "114"]
[EventDate "2016.09.30"]

1. c4 Nf6 2. g3 d5 3. Bg2 e6 4. Nf3 c5 5. O-O Nc6 6. d3 Bd6 7. Nc3 d4 8. Ne4
Nxe4 9. dxe4 O-O 10. e3 e5 11. a3 Be6 12. Qc2 f5 13. Ne1 f4 14. exf4 exf4 15.
Nd3 f3 16. Bh1 h5 17. Bf4 Bxf4 18. Nxf4 Rxf4 19. gxf4 Bh3 20. Bxf3 Bxf1 21.
Rxf1 Qh4 22. Qd2 Rf8 23. Qe2 Rxf4 24. e5 Qg5+ 25. Kh1 Qxe5 26. Bxh5 Qxe2 27.
Bxe2 Ne5 28. b3 d3 29. Bd1 d2 30. Kg2 Nd3 31. f3 Rd4 32. h3 Nb2 33. Kf2 Nd3+
34. Ke3 Nf4 35. Rf2 Kf7 36. Rxd2 Rxd2 37. Kxd2 Nxh3 38. Ke3 Kf6 39. Bc2 Ke5 40.
Be4 b6 41. Bd3 Nf4 42. Be4 g5 43. a4 Ne6 44. Bc2 Nd4 45. Bd1 a6 46. Kf2 Kf4 47.
Kg2 Ke3 48. f4 gxf4 49. Kf1 Kd2 50. Bg4 Nxb3 51. Kf2 Kc3 52. Be6 Nd2 53. Bc8 a5
54. Ba6 Nxc4 55. Kf3 Nb2 56. Bb5 Kb4 57. Kxf4 Nxa4 0-1

[Event "II Weekend Hotel West End"]
[Site "Alassio ITA"]
[Date "2016.10.01"]
[Round "3"]
[White "Montani, Riccardo"]
[Black "Pedemonte, Claudio"]
[WhiteElo "1849"]
[BlackElo "1730"]
[Result "0-1"]
[PlyCount "66"]
[EventDate "2016.09.30"]

1. e4 d6 2. d4 Nf6 3. Nc3 g6 4. f4 Bg7 5. Nf3 O-O 6. Bd3 Na6 7. O-O c5 8. d5
Nc7 9. Qe1 a6 10. a4 Bd7 11. a5 Bb5 12. Qh4 Bxd3 13. cxd3 e6 14. dxe6 fxe6 15.
Be3 Nh5 16. Qxd8 Raxd8 17. g3 Rf7 18. Ra3 Nb5 19. Nxb5 axb5 20. d4 c4 21. Rc3
Nf6 22. Nd2 Ng4 23. e5 dxe5 24. fxe5 Rxf1+ 25. Nxf1 Nxe3 26. Nxe3 Rxd4 27. b3
Rd3 28. Rxd3 cxd3 29. Kf2 Bxe5 30. Nd1 Bd4+ 31. Ke1 e5 32. Kd2 e4 33. h3 Kf7
0-1

[Event "II Weekend Hotel West End"]
[Site "Alassio ITA"]
[Date "2016.10.01"]
[Round "3"]
[White "Noli, Giovanni"]
[Black "Camagna, Ivan"]
[WhiteElo "1807"]
[BlackElo "1587"]
[Result "1-0"]
[PlyCount "97"]
[EventDate "2016.09.30"]

1. d4 Nf6 2. c4 e6 3. Nc3 Bb4 4. Qc2 O-O 5. Nf3 b6 6. a3 Be7 7. g3 Bb7 8. Bg2
d5 9. cxd5 exd5 10. O-O a6 11. b4 Nbd7 12. Bd2 b5 13. Rac1 Rc8 14. Qb3 c6 15.
a4 Nb6 16. Rfe1 Bd6 17. Bg5 h6 18. Bxf6 Qxf6 19. a5 Nc4 20. e4 dxe4 21. Nxe4
Qd8 22. Nxd6 Qxd6 23. Ne5 Nxe5 24. dxe5 Qe6 25. Qxe6 fxe6 26. Rcd1 Rc7 27. Rd6
Kf7 28. Rc1 Rfc8 29. Bh3 Re8 30. Rc3 Rce7 31. Bg2 Rc8 32. Bxc6 Rcc7 33. Rf3+
Kg6 34. Bxb7 Rxb7 35. Rxa6 Ra7 36. Rxa7 Rxa7 37. Rc3 Kf5 38. Rc5 Rb7 39. Kg2 g5
40. f3 h5 41. Kf2 g4 42. fxg4+ hxg4 43. Ke3 Rh7 44. Rxb5 Rxh2 45. a6 Ra2 46.
Rb6 Rg2 47. a7 Rxg3+ 48. Ke2 Rg2+ 49. Kf1 1-0

[Event "II Weekend Hotel West End"]
[Site "Alassio ITA"]
[Date "2016.10.01"]
[Round "3"]
[White "Paparella, Nicole Samantha"]
[Black "Del Nevo, Claudio"]
[WhiteElo "1646"]
[BlackElo "1807"]
[Result "1-0"]
[PlyCount "143"]
[EventDate "2016.09.30"]

1. e4 d6 2. d4 Nf6 3. Nc3 c6 4. Bf4 g6 5. h3 Bg7 6. Nf3 O-O 7. Qd2 b5 8. a3 Bb7
9. Bd3 Nbd7 10. Bh6 e5 11. Bxg7 Kxg7 12. dxe5 Nxe5 13. Nxe5 dxe5 14. Rd1 Qc7
15. O-O Rad8 16. Qe3 a6 17. Be2 c5 18. f3 Rd4 19. Rd2 Nh5 20. Rfd1 Nf4 21. Nb1
Qe7 22. Qf2 Qg5 23. Kh2 Rfd8 24. Bf1 Ne6 25. c3 Rxd2 26. Rxd2 Qf4+ 27. Kg1 Qg5
28. Rxd8 Qxd8 29. Nd2 Qc7 30. g3 c4 31. Bg2 Nc5 32. Nf1 Nd3 33. Qd2 Qc5+ 34.
Kh2 Qf2 35. Qxf2 Nxf2 36. Ne3 Nd3 37. Nd1 f5 38. Kg1 fxe4 39. fxe4 Kf6 40. Kf1
Kg5 41. Ke2 h5 42. Bh1 h4 43. Kf3 hxg3 44. Kxg3 Nf4 45. h4+ Kf6 46. Bf3 Nd3 47.
Bg2 a5 48. Bh1 b4 49. cxb4 axb4 50. axb4 Nxb4 51. Ne3 Ba6 52. Nd5+ Nxd5 53.
exd5 Bb7 54. Kg4 Bc8+ 55. Kf3 Kf5 56. Ke3 Kf6 57. Bf3 Kf5 58. Be2 e4 59. Bxc4
Ke5 60. b4 Bb7 61. b5 Kf5 62. d6 Kf6 63. d7 Ke7 64. Bf7 Kxd7 65. Bxg6 Ke7 66.
Bxe4 Bc8 67. h5 Kf6 68. h6 Kf7 69. Kd4 Kf8 70. Kc5 Bd7 71. Bc6 Bc8 72. Kd6 1-0

[Event "II Weekend Hotel West End"]
[Site "Alassio ITA"]
[Date "2016.10.01"]
[Round "3"]
[White "Petrini, Alberto"]
[Black "Pino, Gianfranco"]
[WhiteElo "1919"]
[BlackElo "1853"]
[Result "1/2-1/2"]
[PlyCount "85"]
[EventDate "2016.09.30"]

1. d4 Nf6 2. c4 e6 3. Nc3 d5 4. cxd5 exd5 5. Bg5 c6 6. Qc2 Na6 7. a3 Be7 8. e3
Nc7 9. Bd3 g6 10. Nf3 Ne6 11. Bh4 O-O 12. Ne5 Nh5 13. Bxe7 Qxe7 14. O-O Nf6 15.
b4 a6 16. Rab1 Ng7 17. Ne2 Bf5 18. Ng3 Bxd3 19. Qxd3 Nge8 20. a4 Nd6 21. Rfc1
Rac8 22. Qe2 Rfe8 23. h3 Kg7 24. Qf3 Nd7 25. Nxd7 Qxd7 26. Re1 Qe6 27. Qg4 f5
28. Qe2 Re7 29. Rb3 Rce8 30. Nf1 Qf6 31. Nd2 Qxd4 32. Nf3 Qf6 33. Qd1 h6 34. g3
Qe6 35. Qd4+ Qf6 36. Kg2 Qxd4 37. Nxd4 Re4 38. Rc1 Nc4 39. b5 axb5 40. axb5 c5
41. Ne2 R4e5 42. Nf4 Na5 43. Rd3 1/2-1/2

[Event "II Weekend Hotel West End"]
[Site "Alassio ITA"]
[Date "2016.10.01"]
[Round "3"]
[White "Petrini, Emanuela"]
[Black "Novaria, Ivan"]
[WhiteElo "1543"]
[BlackElo "1769"]
[Result "0-1"]
[PlyCount "90"]
[EventDate "2016.09.30"]

1. e4 c5 2. Nf3 d6 3. c3 Nc6 4. d4 cxd4 5. cxd4 e6 6. Nc3 Nf6 7. Bg5 Be7 8. Bd3
h6 9. Bf4 Nxd4 10. Nxd4 e5 11. Bxe5 dxe5 12. Bb5+ Bd7 13. Bxd7+ Nxd7 14. Nf5 g6
15. Nxe7 Qxe7 16. O-O Nf6 17. Rc1 O-O 18. Qb3 Rac8 19. Rfd1 Rfd8 20. h3 Kg7 21.
Nd5 Nxd5 22. Rxc8 Rxc8 23. Rxd5 a6 24. a3 b5 25. Qd3 Rc1+ 26. Kh2 Qf6 27. Qe2
Rc4 28. g3 h5 29. Kg2 Rd4 30. Qe3 Rxd5 31. exd5 Qd6 32. Qd3 f5 33. b4 Kf6 34.
f3 Qc7 35. Kf2 Ke7 36. g4 Qc4 37. d6+ Kd7 38. Ke3 Qxd3+ 39. Kxd3 Kxd6 40. Ke3
Kd5 41. Kd3 f4 42. h4 hxg4 43. fxg4 e4+ 44. Ke2 f3+ 45. Kf2 Ke6 0-1

[Event "II Weekend Hotel West End"]
[Site "Alassio ITA"]
[Date "2016.10.01"]
[Round "3"]
[White "Pineau, Jean"]
[Black "Picasso, Filippo"]
[WhiteElo "1440"]
[BlackElo "1474"]
[Result "1-0"]
[PlyCount "59"]
[EventDate "2016.09.30"]

1. e4 e5 2. Nf3 Nc6 3. Bb5 Nge7 4. Nc3 d6 5. d4 exd4 6. Nxd4 Bd7 7. O-O g6 8.
Bg5 Nxd4 9. Qxd4 Rg8 10. Nd5 Bg7 11. Nf6+ Bxf6 12. Bxd7+ Qxd7 13. Bxf6 c5 14.
Qe3 O-O-O 15. Rfe1 Rde8 16. Qc3 g5 17. Rad1 Rg6 18. e5 Ng8 19. Rxd6 Qc7 20.
Red1 Nxf6 21. exf6 Rh6 22. Qd2 Rg6 23. Rd7 Qb6 24. Rxf7 Qe6 25. Rxh7 Rxf6 26.
Kf1 Qa6+ 27. Kg1 Qe6 28. g3 Ref8 29. Qxg5 Qe2 30. Qxc5+ 1-0

[Event "II Weekend Hotel West End"]
[Site "Alassio ITA"]
[Date "2016.10.01"]
[Round "3"]
[White "Scarpati, Francesco"]
[Black "Delucis, Gabriele"]
[WhiteElo "1522"]
[BlackElo "1403"]
[Result "1/2-1/2"]
[PlyCount "75"]
[EventDate "2016.09.30"]

1. e4 e5 2. Nf3 Nc6 3. Bb5 d6 4. O-O Nf6 5. Re1 Be7 6. c3 Bg4 7. d4 exd4 8.
cxd4 O-O 9. Nc3 Bxf3 10. gxf3 a6 11. Ba4 Qc8 12. Bc2 Nb4 13. Bb1 Nc6 14. e5
dxe5 15. dxe5 Ne8 16. Qd3 Qh3 17. Nd5 Bb4 18. Re4 Rd8 19. Rxb4 Rxd5 20. Qxd5
Nxb4 21. Qxb7 a5 22. a3 Na6 23. Qxa6 Qxf3 24. Qd3 Qg4+ 25. Kh1 g6 26. Be3 Ng7
27. Bh6 Re8 28. Bxg7 Kxg7 29. Bc2 Rxe5 30. Qc3 Qf4 31. Re1 f6 32. Qxc7+ Kh6 33.
Rxe5 fxe5 34. Kg1 Qc1+ 35. Kg2 Qg5+ 36. Kf1 Qc1+ 37. Kg2 Qg5+ 38. Kf1 1/2-1/2

[Event "II Weekend Hotel West End"]
[Site "Alassio ITA"]
[Date "2016.10.01"]
[Round "3"]
[White "Ustianovich, Nazar"]
[Black "Abd El Gawad, Shaban"]
[WhiteElo "2316"]
[BlackElo "2019"]
[Result "1-0"]
[PlyCount "65"]
[EventDate "2016.09.30"]

1. Nf3 Nf6 2. c4 e6 3. g3 d5 4. d4 c6 5. Bg2 Nbd7 6. Nbd2 Be7 7. O-O h6 8. Qc2
O-O 9. Rd1 b6 10. e4 dxe4 11. Nxe4 Nxe4 12. Qxe4 Bb7 13. Bf4 Nf6 14. Qe2 Nh5
15. Be3 Qe8 16. Ne5 Nf6 17. Qc2 Bd6 18. Qa4 b5 19. Qb3 Rb8 20. c5 Bxe5 21. dxe5
Nd5 22. Bd2 Qe7 23. Rac1 Qc7 24. Be4 Rbe8 25. Bb1 Ne7 26. Qc2 Ng6 27. h4 f5 28.
exf6 Rxf6 29. Bc3 e5 30. f4 Rfe6 31. Bxe5 Nxe5 32. fxe5 Rxe5 33. Rf1 1-0

[Event "II Weekend Hotel West End"]
[Site "Alassio ITA"]
[Date "2016.10.01"]
[Round "3"]
[White "Vaccaro, Franco"]
[Black "Zannoni, Gianni"]
[WhiteElo "1538"]
[BlackElo "1724"]
[Result "0-1"]
[PlyCount "160"]
[EventDate "2016.09.30"]

1. c4 Nf6 2. Nc3 g6 3. g3 Bg7 4. Bg2 c6 5. Nf3 O-O 6. e4 d6 7. O-O e5 8. h3
Nbd7 9. Rb1 Nc5 10. d3 Bd7 11. b4 Ne6 12. Ba3 b5 13. Qc2 Qc8 14. Kh2 Qa6 15.
Qb3 bxc4 16. dxc4 Rfb8 17. Rfd1 Bf8 18. Bc1 Qc8 19. Be3 c5 20. b5 Nd4 21. Qb2
Nxf3+ 22. Bxf3 Bxh3 23. Qe2 Be6 24. Nd5 Nxd5 25. cxd5 Bd7 26. a4 a6 27. Rb2
axb5 28. axb5 Rb6 29. Rdb1 Rab8 30. Qc4 Qe8 31. Be2 f5 32. exf5 Bxf5 33. Bd3
Bxd3 34. Qxd3 Bg7 35. Rb3 Qe7 36. Qe4 Bf6 37. Kg2 Bg5 38. f4 exf4 39. Qxe7 Bxe7
40. Bxf4 g5 41. Bd2 Bf6 42. Kf3 Kg7 43. Ke4 Kg6 44. Kd3 h5 45. Kc4 Re8 46. Re1
Rxe1 47. Bxe1 h4 48. g4 Be5 49. Ba5 Rb7 50. b6 Kf6 51. Kb5 Bd4 52. Rf3+ Ke7 53.
Kc6 Rb8 54. b7 Rh8 55. Rh3 c4 56. Kc7 Ba7 57. Kc6 Bb8 58. Bc7 Bxc7 59. Kxc7 Rf8
60. b8=Q Rxb8 61. Kxb8 Kf6 62. Re3 c3 63. Rxc3 Ke5 64. Rd3 Ke4 65. Rd1 Kf3 66.
Rd4 h3 67. Rd1 Kxg4 68. Kc7 Kf3 69. Kxd6 g4 70. Ke6 g3 71. Rd3+ Kf2 72. Kf5 h2
73. Rd2+ Ke1 74. Ra2 g2 75. Ra1+ Kd2 76. Ra2+ Kc3 77. Rxg2 h1=Q 78. Rg3+ Kd4
79. Ke6 Qxd5+ 80. Ke7 Qe5+ 0-1

[Event "II Weekend Hotel West End"]
[Site "Alassio ITA"]
[Date "2016.10.02"]
[Round "4"]
[White "Abd El Gawad, Shaban"]
[Black "Cairo, Serge"]
[WhiteElo "2019"]
[BlackElo "1765"]
[Result "1/2-1/2"]
[PlyCount "64"]
[EventDate "2016.09.30"]

1. d4 d6 2. Nf3 Nf6 3. c4 Nc6 4. Nc3 e5 5. d5 Nb8 6. e4 g6 7. Bg5 Bg7 8. Qd2
Nbd7 9. Bd3 h6 10. Bh4 g5 11. Bg3 a6 12. h3 Nf8 13. Rb1 Ng6 14. b4 Nh5 15. Bh2
Nhf4 16. Bf1 f5 17. Rc1 fxe4 18. Nxe4 Bf5 19. Qe3 O-O 20. Bg1 c6 21. dxc6 bxc6
22. g3 Ne6 23. c5 d5 24. Nd6 Nd4 25. Nxd4 exd4 26. Qd2 Ra7 27. Nxf5 Rxf5 28.
Bd3 Ne5 29. Kf1 Rf8 30. Be2 Nf3 31. Qd3 Raf7 32. Kg2 Ne5 1/2-1/2

[Event "II Weekend Hotel West End"]
[Site "Alassio ITA"]
[Date "2016.10.02"]
[Round "4"]
[White "Angelini, Marco"]
[Black "Ustianovich, Nazar"]
[WhiteElo "2203"]
[BlackElo "2316"]
[Result "1/2-1/2"]
[PlyCount "75"]
[EventDate "2016.09.30"]

1. g3 d5 2. Nf3 c6 3. Bg2 Bg4 4. c4 e6 5. b3 Nd7 6. Bb2 Ngf6 7. O-O Bd6 8. d3
Qe7 9. Nc3 O-O 10. Qc2 Ba3 11. Bxa3 Qxa3 12. Rac1 Rfd8 13. Rfd1 Rac8 14. h3 Bh5
15. g4 Bg6 16. Nh4 d4 17. Nxg6 hxg6 18. g5 Nh5 19. Ne4 Nc5 20. Nd2 a5 21. Nf3
Na6 22. Qd2 Qc5 23. Ra1 e5 24. a3 Re8 25. Rab1 Nf4 26. b4 axb4 27. axb4 Qd6 28.
e3 Nxg2 29. Kxg2 Nc7 30. exd4 exd4 31. Re1 Re6 32. c5 Qd5 33. Qf4 Rce8 34. Kf1
Qd7 35. Kg2 Qd5 36. Kf1 Qd7 37. Kg2 Qd5 38. Rf1 1/2-1/2

[Event "II Weekend Hotel West End"]
[Site "Alassio ITA"]
[Date "2016.10.02"]
[Round "4"]
[White "Benvenuti, Cristian"]
[Black "Massimillo, Angelo"]
[WhiteElo "1686"]
[BlackElo "1383"]
[Result "1-0"]
[PlyCount "43"]
[EventDate "2016.09.30"]

1. e4 c5 2. Nc3 Nc6 3. f4 d6 4. Nf3 Nf6 5. d4 cxd4 6. Nxd4 a6 7. Nxc6 bxc6 8.
e5 dxe5 9. Qxd8+ Kxd8 10. fxe5 Ng4 11. Bf4 f6 12. exf6 exf6 13. h3 Ne5 14.
O-O-O+ Ke8 15. Ne4 Bb7 16. Nd6+ Bxd6 17. Rxd6 Rd8 18. Bxe5 fxe5 19. Re6+ Kf7
20. Bc4 Rhe8 21. Rf1+ Kg8 22. Rxe8# 1-0

[Event "II Weekend Hotel West End"]
[Site "Alassio ITA"]
[Date "2016.10.02"]
[Round "4"]
[White "Camagna, Ivan"]
[Black "Gatti, Matteo"]
[WhiteElo "1587"]
[BlackElo "1347"]
[Result "1-0"]
[PlyCount "57"]
[EventDate "2016.09.30"]

1. e4 e6 2. d4 d5 3. exd5 exd5 4. Nf3 c5 5. dxc5 Bxc5 6. Bd3 Nf6 7. O-O O-O 8.
c3 Nc6 9. h3 Re8 10. Bg5 Qd6 11. Qc2 Kh8 12. Bh4 h6 13. Bg3 Qd7 14. Nbd2 Nh5
15. Bh2 Bd6 16. Rfe1 Bxh2+ 17. Kxh2 Nf4 18. Bf5 Qd8 19. Rxe8+ Qxe8 20. Re1 Qd8
21. Re3 Bxf5 22. Qxf5 Qc7 23. g3 Ng6 24. Nb3 Rd8 25. h4 Rd6 26. Re8+ Kh7 27. h5
Rf6 28. hxg6+ fxg6 29. Ng5+ 1-0

[Event "II Weekend Hotel West End"]
[Site "Alassio ITA"]
[Date "2016.10.02"]
[Round "4"]
[White "Caputi, Giuliano"]
[Black "Paparella, Nicole Samantha"]
[WhiteElo "1834"]
[BlackElo "1646"]
[Result "1-0"]
[PlyCount "103"]
[EventDate "2016.09.30"]

1. e4 e5 2. Nf3 Nc6 3. Bb5 Nf6 4. d3 d6 5. c3 Bd7 6. O-O h6 7. Nbd2 Be7 8. Re1
a6 9. Ba4 Nh7 10. d4 Bf6 11. Nf1 Ng5 12. d5 Nxf3+ 13. Qxf3 Nb8 14. Bxd7+ Nxd7
15. Ng3 Bg5 16. Nf5 g6 17. Ng3 Bxc1 18. Raxc1 Qf6 19. Qxf6 Nxf6 20. c4 b6 21.
b4 Nd7 22. Ne2 a5 23. a3 axb4 24. axb4 Ra4 25. Ra1 Rxa1 26. Rxa1 Ke7 27. Ra7
Rc8 28. Nc3 c6 29. f3 Ke8 30. Kf2 cxd5 31. Nxd5 f5 32. Rxd7 Kxd7 33. Nxb6+ Kc7
34. Nxc8 Kxc8 35. Ke3 Kc7 36. Kd3 Kc6 37. Kc3 f4 38. h4 g5 39. hxg5 hxg5 40.
Kb3 Kb6 41. Ka4 Ka6 42. b5+ Kb6 43. Kb4 Kb7 44. Ka5 Ka7 45. b6+ Kb8 46. Kb4 Kc8
47. c5 dxc5+ 48. Kxc5 Kb7 49. Kb5 Kb8 50. Kc6 Kc8 51. Kd6 Kb7 52. Kxe5 1-0

[Event "II Weekend Hotel West End"]
[Site "Alassio ITA"]
[Date "2016.10.02"]
[Round "4"]
[White "Del Nevo, Claudio"]
[Black "Petrini, Davide"]
[WhiteElo "1807"]
[BlackElo "1433"]
[Result "1-0"]
[PlyCount "71"]
[EventDate "2016.09.30"]

1. d4 d5 2. Nf3 Nf6 3. c3 Bf5 4. Bg5 e6 5. e3 Be7 6. Bxf6 Bxf6 7. h3 O-O 8. g4
Be4 9. Nbd2 Bxf3 10. Nxf3 Nd7 11. Bd3 c5 12. Qc2 g6 13. h4 c4 14. Be2 Be7 15.
O-O-O Nf6 16. g5 Nh5 17. Ne5 Ng7 18. f4 Nf5 19. Rh3 a5 20. h5 Kg7 21. Rdh1 Rh8
22. e4 dxe4 23. hxg6 hxg6 24. Rxh8 Qxh8 25. Rxh8 Rxh8 26. Qxe4 Nd6 27. Qf3 Rh2
28. Nxc4 Nxc4 29. Bxc4 Bd6 30. d5 Rh4 31. dxe6 Rxf4 32. Qxb7 Rxc4 33. Qxf7+ Kh8
34. e7 Bxe7 35. Qxc4 Bxg5+ 36. Kd1 1-0

[Event "II Weekend Hotel West End"]
[Site "Alassio ITA"]
[Date "2016.10.02"]
[Round "4"]
[White "Delucis, Gabriele"]
[Black "Vaccaro, Franco"]
[WhiteElo "1403"]
[BlackElo "1538"]
[Result "1-0"]
[PlyCount "93"]
[EventDate "2016.09.30"]

1. Nf3 c5 2. c4 Nc6 3. b3 Nf6 4. Bb2 e5 5. Nxe5 Bd6 6. Nxc6 dxc6 7. d3 O-O 8.
Nd2 Re8 9. e4 b5 10. Be2 Qc7 11. Nf3 Bg4 12. e5 Bxf3 13. exd6 Bxe2 14. dxc7
Bxd1+ 15. Kxd1 Re7 16. Bxf6 gxf6 17. Kd2 Rxc7 18. Rhe1 Rd8 19. Kc2 Rcd7 20. Re3
bxc4 21. bxc4 Rb7 22. Rb1 Rdb8 23. Rxb7 Rxb7 24. Re8+ Kg7 25. Rc8 Rb6 26. Rc7
a6 27. a4 Rb4 28. Rxc6 Rxa4 29. Kb3 Rb4+ 30. Ka3 Rb1 31. Rxc5 Rf1 32. Rf5 Rd1
33. Rf3 h5 34. c5 Rc1 35. d4 Rc4 36. Rd3 Rc2 37. Kb4 Rxf2 38. d5 Rxg2 39. Rg3+
Rxg3 40. hxg3 Kf8 41. d6 Ke8 42. c6 f5 43. c7 Kd7 44. Kc5 f4 45. Kb6 f3 46. Kb7
f2 47. c8=Q+ 1-0

[Event "II Weekend Hotel West End"]
[Site "Alassio ITA"]
[Date "2016.10.02"]
[Round "4"]
[White "Gardini, Enrico"]
[Black "Delucis, Mauro"]
[WhiteElo "1711"]
[BlackElo "1388"]
[Result "1-0"]
[PlyCount "101"]
[EventDate "2016.09.30"]

1. e4 c6 2. d4 d5 3. e5 e6 4. Bd3 c5 5. c3 c4 6. Bc2 Ne7 7. Bg5 Qc7 8. Nf3 Nf5
9. Nh4 Nxh4 10. Bxh4 Be7 11. Qg4 g6 12. Bxe7 Qxe7 13. Nd2 Nc6 14. Nf3 f5 15.
exf6 Qxf6 16. Qg3 Bd7 17. Qc7 Qd8 18. Qf4 Rf8 19. Qg5 Qe7 20. Rf1 O-O-O 21.
O-O-O Rf7 22. Qxe7 Rxe7 23. Rde1 Rde8 24. Ne5 Nxe5 25. Rxe5 Rf8 26. f3 Rf6 27.
Rfe1 Rf4 28. Rxd5 Rh4 29. Rc5+ Kb8 30. h3 Rh5 31. Rxc4 Rg5 32. g4 Rf7 33. Be4
Ra5 34. a3 Rf6 35. Rb4 Rb5 36. Rxb5 Bxb5 37. b3 Bc6 38. Bxc6 bxc6 39. Re3 g5
40. Kd2 Kc7 41. Ke2 Kd6 42. Re5 Rh6 43. Rxg5 Rxh3 44. Rh5 Rxh5 45. gxh5 Kd5 46.
Ke3 e5 47. c4+ Ke6 48. dxe5 Kxe5 49. f4+ Kf5 50. Kf3 a5 51. b4 1-0

[Event "II Weekend Hotel West End"]
[Site "Alassio ITA"]
[Date "2016.10.02"]
[Round "4"]
[White "Joguet, Patrick"]
[Black "Biancotti, Alessandro"]
[WhiteElo "1647"]
[BlackElo "1855"]
[Result "0-1"]
[PlyCount "74"]
[EventDate "2016.09.30"]

1. f4 d5 2. Nf3 Nf6 3. e3 e6 4. Be2 c5 5. d3 Nc6 6. O-O Bd6 7. c3 O-O 8. d4
cxd4 9. exd4 b6 10. Ne5 Bb7 11. Nd2 Rc8 12. Bd3 Ne7 13. Qf3 g6 14. g4 Nd7 15.
Qh3 f6 16. Nxd7 Qxd7 17. f5 e5 18. fxg6 hxg6 19. dxe5 fxe5 20. Rxf8+ Rxf8 21.
Nb3 e4 22. Be2 Bc5+ 23. Nxc5 bxc5 24. Bg5 Nc6 25. Bb5 Qe6 26. b3 Ne5 27. Be2 d4
28. cxd4 cxd4 29. Rc1 e3 30. Rc7 Rf7 31. Rxf7 Qxf7 32. Qg3 Qd5 33. Bc4 Nxc4 34.
Qb8+ Kg7 35. Qc7+ Qf7 36. Bh6+ Kg8 37. Qd8+ Kh7 0-1

[Event "II Weekend Hotel West End"]
[Site "Alassio ITA"]
[Date "2016.10.02"]
[Round "4"]
[White "Mercandelli, Claudio"]
[Black "Grasso, Gabriele"]
[WhiteElo "1863"]
[BlackElo "1709"]
[Result "1/2-1/2"]
[PlyCount "75"]
[EventDate "2016.09.30"]

1. Nf3 e6 2. c4 f5 3. Nc3 Nf6 4. d3 Bb4 5. Bd2 O-O 6. a3 Bxc3 7. Bxc3 b6 8. e3
Bb7 9. Be2 d6 10. Bxf6 Qxf6 11. Qc2 Nd7 12. O-O a5 13. Rac1 e5 14. Nd2 Qg5 15.
e4 Nc5 16. b4 axb4 17. axb4 Ne6 18. Nf3 Qf6 19. Ra1 f4 20. Rfd1 Rfc8 21. Qb2
Qf8 22. d4 exd4 23. Nxd4 Nxd4 24. Qxd4 Rxa1 25. Rxa1 Ra8 26. f3 Rxa1+ 27. Qxa1
Qa8 28. Qxa8+ Bxa8 29. b5 Kf7 30. g3 g5 31. h4 h6 32. hxg5 hxg5 33. gxf4 gxf4
34. Kf2 Kf6 35. Bf1 Bb7 36. Bh3 Kg5 37. Bd7 Kh4 38. Kg2 1/2-1/2

[Event "II Weekend Hotel West End"]
[Site "Alassio ITA"]
[Date "2016.10.02"]
[Round "4"]
[White "Novaria, Ivan"]
[Black "Petrini, Alberto"]
[WhiteElo "1769"]
[BlackElo "1919"]
[Result "1/2-1/2"]
[PlyCount "125"]
[EventDate "2016.09.30"]

1. e4 e5 2. Nf3 Nc6 3. Bc4 Nf6 4. Ng5 d5 5. exd5 Na5 6. Bb5+ c6 7. dxc6 bxc6 8.
Be2 h6 9. Nf3 e4 10. Ne5 Bc5 11. c3 Bd6 12. d4 exd3 13. Nxd3 Qc7 14. h3 O-O 15.
O-O Bf5 16. Nd2 Rad8 17. Nf3 c5 18. b3 c4 19. bxc4 Nxc4 20. Nd4 Bd7 21. Bf3 Nb6
22. Bd2 Nc4 23. Rb1 Nxd2 24. Qxd2 Rb8 25. Nb4 Rb6 26. Nd5 Nxd5 27. Bxd5 Bf4 28.
Qd3 Rfb8 29. Rxb6 Rxb6 30. Re1 Rb8 31. Re7 Qd6 32. Qe4 Qxe7 33. Qxf4 Re8 34. c4
Qe1+ 35. Kh2 Qe5 36. Qxe5 Rxe5 37. Bf3 Be6 38. Nc6 Rc5 39. Nxa7 Rxc4 40. Nb5
Ra4 41. a3 Bd7 42. Nd6 Rxa3 43. Nc4 Ra2 44. Kg1 Be6 45. Ne3 Kf8 46. h4 Ke7 47.
g4 Kf6 48. Kg2 Ra3 49. Kg3 g5 50. hxg5+ hxg5 51. Kg2 Rb3 52. Bc6 Ke5 53. Kg3 f6
54. Bf3 Rc3 55. Bg2 Bd7 56. Bf3 Bc6 57. Be2 Be4 58. Bb5 Bc6 59. Be2 Ra3 60. Bc4
Kd4 61. Be2 Be4 62. Bb5 Rb3 63. Be2 1/2-1/2

[Event "II Weekend Hotel West End"]
[Site "Alassio ITA"]
[Date "2016.10.02"]
[Round "4"]
[White "Passerotti, Pierluigi"]
[Black "Manfredi, Vincenzo"]
[WhiteElo "2269"]
[BlackElo "2218"]
[Result "1-0"]
[PlyCount "87"]
[EventDate "2016.09.30"]

1. Nf3 c5 2. e4 e6 3. g3 Nc6 4. Bg2 d6 5. d4 cxd4 6. Nxd4 Bd7 7. O-O Nf6 8. c4
Be7 9. Nc3 O-O 10. Nc2 a6 11. b3 Rc8 12. h3 Qc7 13. Bb2 Qb8 14. Qe2 Rcd8 15.
Rad1 Rfe8 16. Rfe1 Na7 17. f4 h6 18. e5 dxe5 19. fxe5 Nh7 20. Ne4 Bc6 21. Nd6
Rxd6 22. exd6 Bxd6 23. Be5 Bc5+ 24. Kh2 Qc8 25. b4 Be7 26. c5 Nf6 27. Na3 Ba4
28. Rd2 Nc6 29. Bc3 h5 30. Nc4 Bb5 31. Nb6 Qc7 32. Be5 Nxe5 33. Qxe5 Qxe5 34.
Rxe5 Bc6 35. Re3 g6 36. Bxc6 bxc6 37. Ra3 h4 38. gxh4 Kg7 39. Rxa6 Rh8 40. Ra7
Bf8 41. Nd7 Ne4 42. Rd4 Rxh4 43. Nxf8 Kxf8 44. b5 1-0

[Event "II Weekend Hotel West End"]
[Site "Alassio ITA"]
[Date "2016.10.02"]
[Round "4"]
[White "Pedemonte, Claudio"]
[Black "Cugini, Verter"]
[WhiteElo "1730"]
[BlackElo "2067"]
[Result "0-1"]
[PlyCount "76"]
[EventDate "2016.09.30"]

1. d4 d6 2. e4 Nf6 3. Nc3 g6 4. f4 Bg7 5. Nf3 c5 6. d5 O-O 7. Be2 b6 8. O-O Ba6
9. Bxa6 Nxa6 10. Re1 Nc7 11. a4 a6 12. h3 b5 13. axb5 axb5 14. Rxa8 Qxa8 15.
Qe2 b4 16. Nb5 Nxb5 17. Qxb5 Rb8 18. Qc4 Nd7 19. e5 Nb6 20. Qe2 Nxd5 21. exd6
exd6 22. Ng5 Rf8 23. Qc4 h6 24. Nf3 Nf6 25. Nh4 Re8 26. Rd1 Re4 27. Qb5 Qe8 28.
Qf1 Nh5 29. Kh2 Qe7 30. Nf3 Nxf4 31. Bxf4 Rxf4 32. Ra1 Bxb2 33. Ra8+ Kg7 34.
Qa6 Be5 35. Kh1 Qe6 36. Qb5 Rxf3 37. Re8 Qxe8 38. Qxe8 Rf1# 0-1

[Event "II Weekend Hotel West End"]
[Site "Alassio ITA"]
[Date "2016.10.02"]
[Round "4"]
[White "Petrini, Emanuela"]
[Black "Montani, Riccardo"]
[WhiteElo "1543"]
[BlackElo "1849"]
[Result "1/2-1/2"]
[PlyCount "93"]
[EventDate "2016.09.30"]

1. e4 c5 2. Nf3 d6 3. c3 Nf6 4. d3 g6 5. g3 Bg7 6. Bg2 O-O 7. O-O Nc6 8. Re1
Bg4 9. h3 Bxf3 10. Qxf3 a6 11. Be3 Nd7 12. Qd1 Qc7 13. d4 cxd4 14. cxd4 Nb4 15.
Nc3 e6 16. Rc1 Qd8 17. a3 Nc6 18. Qd3 Rc8 19. Red1 f5 20. f3 Ne7 21. Qd2 Nb6
22. b3 fxe4 23. fxe4 d5 24. Bg5 dxe4 25. Bxe7 Qxe7 26. Bxe4 Rcd8 27. Qe3 e5 28.
dxe5 Rxd1+ 29. Rxd1 Qxe5 30. Nd5 Nxd5 31. Bxd5+ Kh8 32. Qxe5 Bxe5 33. Bxb7 Bxg3
34. Bxa6 Ra8 35. Bc4 Rxa3 36. Rb1 Be5 37. Be6 Ra1 38. Rxa1 Bxa1 39. b4 Bd4+ 40.
Kg2 Kg7 41. Kf3 Kf6 42. Bd5 Kg5 43. Bg8 h6 44. Bf7 Kh4 45. Bxg6 Kxh3 46. Ke4
Ba7 47. Kf5 1/2-1/2

[Event "II Weekend Hotel West End"]
[Site "Alassio ITA"]
[Date "2016.10.02"]
[Round "4"]
[White "Picasso, Filippo"]
[Black "Gandolfo, Gianluca"]
[WhiteElo "1474"]
[BlackElo "1712"]
[Result "1-0"]
[PlyCount "59"]
[EventDate "2016.09.30"]

1. d4 Nf6 2. Bf4 g6 3. Nf3 Bg7 4. e3 d6 5. Bd3 Nc6 6. Nbd2 O-O 7. c3 a5 8. Qc2
Rb8 9. O-O-O b5 10. h4 Ng4 11. Ne4 Bf5 12. Neg5 Bxd3 13. Rxd3 b4 14. c4 b3 15.
Rxb3 Nb4 16. Rxb4 Rxb4 17. h5 e5 18. dxe5 dxe5 19. hxg6 exf4 20. gxf7+ Rxf7 21.
Qxh7+ Kf8 22. Ne6+ Ke7 23. Nxd8 Bxb2+ 24. Kc2 Rxh7 25. Nc6+ Kd6 26. Nxb4 Rxh1
27. Kxb2 axb4 28. exf4 Rf1 29. Nd2 Nf6 30. Nxf1 1-0